| 000 | 00894cam a2200277 4500 | ||
|---|---|---|---|
| 001 | ABS61505 | ||
| 008 | 000000n1999 000 0 eng u | ||
| 035 | _a(Sirsi) u102882 | ||
| 100 | _aPearce, A. | ||
| 245 | _aPopulation growth and economic regeneration top the agenda | ||
| 260 | _c1999 | ||
| 490 |
_aProperty Forecast _v2(11) November 1999, 10-11(2) |
||
| 520 | _aAn overview of the commercial property market in Devon and Cornwall. | ||
| 590 | _aABS | ||
| 650 | _aDEVON | ||
| 650 | _aCORNWALL | ||
| 650 | _aEXETER | ||
| 650 | _aPLYMOUTH | ||
| 650 | _aPROPERTY-COMMERCIAL PROPERTY-RETAIL PROPERTY-RETAIL PROPERTY MARKET | ||
| 650 | _aINDUSTRIAL MARKET | ||
| 650 | _aPROPERTY-COMMERCIAL PROPERTY-OFFICE PROPERTY-OFFICE PROPERTY MARKET | ||
| 650 | _aTAKE-UP | ||
| 650 | _aCALL CENTRES | ||
| 690 | _aPROPERTY-COMMERCIAL PROPERTY-COMMERCIAL PROPERTY MARKET | ||
| 942 | _n0 | ||
| 999 |
_c61836 _d61836 |
||